|
|
|
|
| LEADER |
01385nam a2200397 i 4500 |
| 001 |
001563739 |
| 003 |
CZ BrMZK |
| 005 |
20170217091750.0 |
| 007 |
ta |
| 008 |
170209s2016 aa e 000 0 alb |
| 020 |
|
|
|a 978-9928-06-163-8
|q (brožováno)
|
| 040 |
|
|
|a BOA001
|b cze
|e rda
|
| 041 |
1 |
|
|a alb
|h cze
|
| 045 |
|
|
|a x-x-
|
| 072 |
|
7 |
|a 94(100)
|x Světové dějiny
|2 Konspekt
|9 8
|
| 080 |
|
|
|a 94(100)
|2 MRF
|
| 080 |
|
|
|a (0:82-4)
|2 MRF
|
| 100 |
1 |
|
|a Ouředník, Patrik,
|d 1957-
|7 jn99240000828
|4 aut
|
| 240 |
1 |
0 |
|a Europeana.
|l Albánsky
|7 aun2017942681
|
| 245 |
1 |
0 |
|a Europeana :
|b një histori e shkurtër e shkeullit XX /
|c Patrik Ouředníka ; përktheu Elona Kodhel
|
| 264 |
|
1 |
|a Tiranë :
|b Ombra GVG,
|c 2016
|
| 300 |
|
|
|a 150 stran ;
|c 21 cm
|
| 336 |
|
|
|a text
|b txt
|2 rdacontent
|
| 337 |
|
|
|a bez média
|b n
|2 rdamedia
|
| 338 |
|
|
|a svazek
|b nc
|2 rdacarrier
|
| 490 |
1 |
|
|a Autorë bashkëkohorë Europianë - Çekia ;
|v 718
|
| 500 |
|
|
|a Přeloženo z češtiny
|
| 648 |
|
7 |
|a 20. století
|7 ch460558
|2 czenas
|
| 650 |
0 |
7 |
|a světové dějiny
|7 ph117271
|y 20. století
|2 czenas
|
| 655 |
|
7 |
|a eseje
|7 fd132213
|2 czenas
|
| 700 |
1 |
|
|a Kodhel, Elona
|4 trl
|
| 830 |
|
0 |
|a Autorë bashkëkohorë Europianë - Çekia
|
| 910 |
|
|
|a BOA001
|b 2-1381.593
|
| 990 |
|
|
|a BK
|
| 991 |
|
|
|b 201702
|c NOV
|
| 996 |
7 |
|
|b 2610697007
|c 2-1381.593
|l MZK
|r Sklad / do 1 hodiny
|n 0
|p dar
|w 001599117
|u 000010
|a 1
|e BOA001
|j MZK50
|s A
|